| 000 | 00504nam a2200145Ia 4500 | ||
|---|---|---|---|
| 008 | 170221s9999 xx 000 0 und d | ||
| 100 | _aRubén Ramírez Sánchez | ||
| 245 | 4 | _aThe Complex Political Economy of Natural Capitalism: The Case of Whole Foods, Stonyfield Farms, and Walmart | |
| 245 | _cRubén Ramírez Sánchez | ||
| 260 | _bOnline Journal of Communication and Media Technologies | ||
| 260 | _c2016 | ||
| 650 | _xCommunication | ||
| 650 | _xMedia Arts | ||
| 856 | _uhttp://www.ojcmt.net/ | ||
| 999 |
_c309176 _d309176 |
||